Представление документа в формате MARC21

Поле Инд. ПП Название Значение
Тип записи a
Библиографический уровень b
001 Контрольный номер RU/IS/BASE/504204781
005 Дата корректировки 20200522191753.1
008 Кодируемые данные 20151223
040 b Код языка каталог. rus
e Правила каталог. PSBO
041 0_ a Код языка текста rus
084 a Индекс другой классификации/Индекс ББК 65.26; 65.262.2; 65.263
100 1_ a Автор Газман В. Д.
q Полное имя Газман Виктор Давидович
245 10 a Заглавие Концепция применения лизинга в проектном финансировании
504 a Библиография Лит.
520 a Аннотация Исследуется система экономических взаимоотношений участников лизинговой деятельности в рамках сделок, реализуемых с помощью проектного финансирования, которое является одной из наиболее сложных форм кредитования.
650 a Основная рубрика инвестиции
a Основная рубрика кредит
a Основная рубрика кредитно-денежная система
a Основная рубрика финансы
a Основная рубрика экономика
653 1_ a Ключевые слова возвратный лизинг
a Ключевые слова договор лизинга
a Ключевые слова инвестиционные проекты
a Ключевые слова инвестиционный рост
a Ключевые слова левередж-лизинг
a Ключевые слова лизинг
a Ключевые слова лизинговая деятельность
a Ключевые слова лизинговые компании
a Ключевые слова макроэкономика
a Ключевые слова модели лизинга
a Ключевые слова оперативный лизинг
a Ключевые слова проектное финансирование
a Ключевые слова Россия
a Ключевые слова сделки
a Ключевые слова секьюритизация активов
a Ключевые слова управление рисками (риск-менеджмент)
a Ключевые слова финансовый лизинг
a Ключевые слова ценообразование лизинга
773 0_ t Заглавие источника Экономический журнал ВШЭ
d Дата издания источника 2015
g Прочая информация Т. 19, № 1. - С. 104 - 127 : табл.
w Контрольный № источника RU/IS/BASE/482514989
901 t Тип документа b